00702 2200253 4500001002100000005001500021035002000036007000300056008004100059020002200100082001000122084001600132100001900148245008600167250001000253260004000263300003500303500001400338650002000352504002800372710002400400990001200424990001200436INLIS00000000001746420241017083839 a0010-1024000192ta241017 g 0 ind  a978-602-2700-93-7 a304.2 a304.2 MOH l0 aMOHAMMAD, Noor1 aLestarikan Bumi Kita Tetap Tersenyum /cMohammad Noor; editor, Tim Aranca Pratama acet.1 aJawa Barat :bAranca Pratama,c2016 aiv, 76 hal. :bilus. ;c21 cm. aGlosarium 4aEKOLOGI MANUSIA aBibliografi : hal.73-760 aTIM, Aranca Pratama a11871 a a11871 b